| 000 | 01129nam a2200241 i 4500 | ||
|---|---|---|---|
| 001 | 160694 | ||
| 003 | ES-MaACL | ||
| 005 | 20230906212117.0 | ||
| 008 | 021126s1854 sp |||| | spa d | ||
| 080 | _a634.8 | ||
| 080 | _a663.25 | ||
| 100 | 1 |
_aNieva, José María de. _9130489 |
|
| 245 | 1 | 0 |
_aManual del cosechero de vinos o nuevo método de hacer el vino más fuerte y licoroso y de mayor duración / _cpor José María de Nieva. |
| 250 | _aEd. 4ª considerablemente aum. con una reseña sobre el cultivo de la vid, y la descripción de varias castas de uvas. | ||
| 260 |
_aMadrid : _b[s.n.], _c1854 ( _fImp. de Norberto Llorenci) |
||
| 300 |
_aVIII, 75, 48 p., [2] h. de lám. ; _c16 cm. |
||
| 530 | _aDisponible en formato digital. | ||
| 650 | 4 |
_aViticultura. _9136993 |
|
| 650 | 4 |
_aVinificación. _9156738 |
|
| 852 | 4 |
_aES-MaACL _jT-38-F-3 _z- Enc. hol., falto de cub. original _z- Enc. en un vol. facticio |
|
| 852 | 4 |
_aES-MaACL _jT-645-F-1 _z- Enc. hol., conservando cub. original _z- Enc. en un vol. facticio |
|
| 856 | 4 |
_uhttp://bdh-rd.bne.es/viewer.vm?id=0000119172&page=1 _zBiblioteca Digital Hispánica |
|
| 999 |
_c160694 _d160694 |
||